Pupil transportation; (Record no. 22255)

MARC details
000 -LEADER
fixed length control field 01046cam a22002651 4500
001 - CONTROL NUMBER
control field e 56000132
003 - CONTROL NUMBER IDENTIFIER
control field DLC
005 - DATE AND TIME OF LATEST TRANSACTION
control field 20260227111235.0
008 - FIXED-LENGTH DATA ELEMENTS--GENERAL INFORMATION
fixed length control field 750513s1956 xx 000 0 eng
010 ## - LIBRARY OF CONGRESS CONTROL NUMBER
LC control number e 56000132
035 ## - SYSTEM CONTROL NUMBER
System control number (OCoLC)1328880
040 ## - CATALOGING SOURCE
Original cataloging agency DLC
Transcribing agency NAlU
Modifying agency OCoLC
-- DLC
042 ## - AUTHENTICATION CODE
Authentication code premarc
050 00 - LIBRARY OF CONGRESS CALL NUMBER
Classification number L111
Item number .A614 no. 27
051 ## - LIBRARY OF CONGRESS COPY, ISSUE, OFFPRINT STATEMENT
Classification number LB2864
Item number .F35
082 ## - DEWEY DECIMAL CLASSIFICATION NUMBER
Classification number 379.1752
100 1# - MAIN ENTRY--PERSONAL NAME
Personal name Featherston, E. Glenn,
Dates associated with a name 1900-
245 10 - TITLE STATEMENT
Title Pupil transportation;
Remainder of title responsibilities and services of State departments of education,
Statement of responsibility, etc. by E. Glenn Featherston and Robert F. Will.
260 ## - PUBLICATION, DISTRIBUTION, ETC.
Place of publication, distribution, etc. [Washington]
Name of publisher, distributor, etc. U.S. Dept. of Health, Education, and Welfare, Office of Education
Date of publication, distribution, etc. [1956]
300 ## - PHYSICAL DESCRIPTION
Extent vi, 39 p.
Dimensions 29 cm.
410 10 - SERIES STATEMENT/ADDED ENTRY--CORPORATE NAME [OBSOLETE, CAN/MARC], [LOCAL, USA]
Corporate name or jurisdiction name as entry element United States.
Subordinate unit Office of Education.
Title of a work Miscellaneous,
Volume number/sequential designation no. 27
500 ## - GENERAL NOTE
General note L111.A614 bound with: Misc. / United States. Office of Education, no. 28-no. 32 subsequent to publication.
650 #0 - SUBJECT ADDED ENTRY--TOPICAL TERM
Topical term or geographic name entry element School children
General subdivision Transportation.
700 1# - ADDED ENTRY--PERSONAL NAME
Personal name Will, Robert F.
Fuller form of name (Robert Frederick),
Dates associated with a name 1917-
Relator term joint author.

No items available.

Powered by Koha